Tratado de edificación

Spremljeno u:
Bibliografski detalji
Glavni autor: Neumann, Friedrich (autor)
Format: Knjiga
Jezik:španjolski
Izdano: Barcelona Gustavo Gili 1971
Teme:
Oznake: Dodaj oznaku
Bez oznaka, Budi prvi tko označuje ovaj zapis!

MARC

LEADER 00000nam a2200000 a 4500
001 UCU7023
003 CL-VaPUC
008 960628e19710000SP |||||||||||||||||spa|d
082 0 4 |a 690.02  |b NEU  |2 21 
100 |a Neumann, Friedrich  |e autor  |9 366109 
245 1 0 |a Tratado de edificación 
300 |a 542 p 
942 |c BK 
945 |d 19960628 00:00:00  |a cmena 
260 |a Barcelona  |b Gustavo Gili  |c 1971 
650 0 |a Edificios   |9 260501 
650 0 |a Construcción  |9 260195 
650 7 |a CIMIENTOS  |2 CL-VaPUC  |9 260635 
650 0 |a Elementos estructurales  |9 350100 
650 0 |a Materiales de construcción  |9 260197 
650 7 |a PAREDES  |2 CL-VaPUC  |9 365496 
650 0 |a Suelos  |9 260322 
650 7 |a BOVEDAS  |2 CL-VaPUC  |9 363943 
650 0 |a Pavimentos  |9 258061 
650 7 |a CUBIERTAS  |2 CL-VaPUC  |9 363975 
650 0 |a Andamios  |9 365497 
650 7 |a ESCALERAS  |2 CL-VaPUC  |9 262609 
650 0 |a Ventanas  |9 268552 
650 7 |a PUERTAS  |2 CL-VaPUC  |9 365498 
650 7 |a TECNOLOGIA DE LA CONSTRUCCION  |2 CL-VaPUC  |9 260196 
650 7 |a PINTURAS Y BARNICES  |2 CL-VaPUC  |9 339658 
650 0 |a Materiales de recubrimiento   |9 365499 
583 |a last modification  |c 19960628 00:00:00  |k Rodrigo Vera 
999 |c 249739  |d 249737 
952 |0 0  |1 0  |4 0  |6 690_020000000000000_NEU_1971  |7 0  |8 A  |9 267227  |a BIBING  |b BIBING  |d 2019-11-19  |i 1696874  |o 690.02 NEU 1971  |p 1696874  |r 2025-01-20  |w 2019-11-19  |y BK  |k CCL